| 000 | 00449nam a2200169Ia 4500 | ||
|---|---|---|---|
| 008 | 100218t1999 xxu||||| |||| 00| 0 sin d | ||
| 041 | _asin | ||
| 080 |
_aX8S32 _bILA |
||
| 100 | _aIlangarathna, T.B. | ||
| 245 | _aඉලංගරත්න ළමා කතා | ||
| 246 | _aIlangarathna Lama katha | ||
| 260 |
_bJeevana _aAthurugiriya _c1999 |
||
| 300 | _a125p., 21 cm | ||
| 942 | _cBK | ||
| 999 |
_c71420 _d71420 |
||
| 003 | LK-CoDNM | ||
| 040 |
_aLK-CoDNM _dLK-CoDNM _eLK-CoDNM |
||